| 000 | 00944nam a2200229 a 4500 | ||
|---|---|---|---|
| 001 | 63448 | ||
| 003 | BD-RjUL | ||
| 005 | 20211209081210.0 | ||
| 008 | 170130s2001 ii ||||| |||| 00| f ben d | ||
| 020 | _c: Tk. 100.00 | ||
| 035 | _a(BD-RjUL)63577 | ||
| 040 |
_aBD-RjUL _bben _cBD-RjUL |
||
| 041 | _aben | ||
| 082 |
_223 _a891.44309 _bROB 2001 |
||
| 100 |
_aরায়চৌধুরী, ঊর্মি _9171010 |
||
| 245 | 1 | 0 |
_aবাংলা উপন্যাসে যুবরাজ (১৯৬১-১৯৮৫) / _cঊর্মি রায়চৌধুরী |
| 260 |
_aপরগণা : _bশর্মিষ্ঠা মুখোপাধ্যায়, _c২০০১ |
||
| 300 |
_a[৮], ২৬৮ পৃ. ; _c২৩ সেমি. |
||
| 650 |
_aবাংলা উপন্যাস _xইতিহাস ও সমালোচনা _9179529 |
||
| 650 |
_aBengali Fiction _xHistory and Criticism _9188742 |
||
| 942 |
_2ddc _cBK |
||
| 999 |
_c63448 _d63448 |
||